Impacto de la normativa de consumo en el transporte aéreo / (Registro nro. 5635)
[ vista simple ]
| 000 -LEADER | |
|---|---|
| fixed length control field | 01351nab a22002537a 4500 |
| 003 - CONTROL NUMBER IDENTIFIER | |
| control field | OSt |
| 005 - DATE AND TIME OF LATEST TRANSACTION | |
| control field | 20251224102325.0 |
| 008 - FIXED-LENGTH DATA ELEMENTS--GENERAL INFORMATION | |
| fixed length control field | 190603e xxum|||| |||| 00| 0 spa d |
| 040 ## - CATALOGING SOURCE | |
| Transcribing agency | PJ |
| 100 ## - MAIN ENTRY--PERSONAL NAME | |
| 9 (RLIN) | 6606 |
| Personal name | Arias, María Paula |
| 245 10 - TITLE STATEMENT | |
| Title | Impacto de la normativa de consumo en el transporte aéreo / |
| Statement of responsibility, etc | María Paula Arias. |
| 260 ## - PUBLICATION, DISTRIBUTION, ETC. (IMPRINT) | |
| Date of publication, distribution, etc | Ciudad Autónoma de Buenos Aires : |
| Place of publication, distribution, etc | Thomson Reuters La Ley, |
| Name of publisher, distributor, etc | 2025. |
| 300 ## - PHYSICAL DESCRIPTION | |
| Extent | p. 5-14 |
| 500 ## - GENERAL NOTE | |
| General note | Cita: TR LALEY AR/DOC/23/2025 <br/>Publicado en: RCCyC 2025 (febrero) , 5. |
| 505 ## - FORMATTED CONTENTS NOTE | |
| Formatted contents note | Sumario: I. Introducción.— II. El contrato de transporte aéreo como contrato de consumo.— III. La aplicación directa de la normativa de consumo al transporte aéreo bajo un prisma constitucional.— IV. Vaivenes en torno a la competencia ordinaria y la competencia federal.— V. Síntesis conclusiva. |
| 505 ## - FORMATTED CONTENTS NOTE | |
| Title | ¿Te interesa el texto completo? Solicitalo al correo: koha@justierradelfuego.gov.ar |
| 650 #0 - SUBJECT ADDED ENTRY--TOPICAL TERM | |
| 9 (RLIN) | 6340 |
| Topical term or geographic name as entry element | TRANSPORTE AÉREO DE PASAJEROS |
| 650 #0 - SUBJECT ADDED ENTRY--TOPICAL TERM | |
| 9 (RLIN) | 2608 |
| Topical term or geographic name as entry element | DERECHOS DEL CONSUMIDOR |
| 650 #0 - SUBJECT ADDED ENTRY--TOPICAL TERM | |
| 9 (RLIN) | 2600 |
| Topical term or geographic name as entry element | LEY DE DEFENSA DEL CONSUMIDOR |
| 650 #0 - SUBJECT ADDED ENTRY--TOPICAL TERM | |
| 9 (RLIN) | 1497 |
| Topical term or geographic name as entry element | CODIGO CIVIL Y COMERCIAL |
| 650 #0 - SUBJECT ADDED ENTRY--TOPICAL TERM | |
| 9 (RLIN) | 6339 |
| Topical term or geographic name as entry element | CÓDIGO AERONÁUTICO |
| 773 0# - HOST ITEM ENTRY | |
| Host Biblionumber | 2713 |
| Host Itemnumber | 3170 |
| Place, publisher, and date of publication | Ciudad Autónoma de Buenos Aires : Thomson Reuters La Ley, 2015- |
| Title | Revista Código Civil y Comercial. Nº 1 - Febrero 2025 |
| 942 ## - ADDED ENTRY ELEMENTS (KOHA) | |
| Source of classification or shelving scheme | |
| Koha item type | Analítica Artículo de Revista |
No hay ítems disponibles.
